00887 a2200169 4500003000500000005001700005020001800022040000900040082001400049100002000063245007500083250001600158260003600174300001400210505047200224650002100696Nust20220725175324.0 a9781782166788 cNust a005.8,AGA a Agarwal.Monika aMetasploit Penetration Testing CookbookcMonika Agarwal. Abhinav Singh a2nd Edition aMumbaibpackt publishingc2013  aiv; 306,p aMetasploit quick tips for security professionals (Page-7), Information gathering and scanning (Page- 31), Operating-system-based vulnerability assessment (Page-71), Client-side exploitation and antivirus bypass (Page-95), Working with modules for penetration testing (Page-121), Exploring exploits(page 143), Volp penetration testing (Page 163), Wireless network penetration testing (Page-181), Social engineer toolkit (Page-209), Working with meterpreter (Page-227). aTesting Cookbook